00416nam a2200121Ia 4500008004100000020001800041100001800059245003900077260002500116300001400141999001900155952012000174171205s9999 xx 000 0 und d a9789718342442 aGraham, Jack. cJack GrahamaAre you Fit for Life? bCrossway Booksc2007 a170 pages c347350d347350 001040aCLbCLcGCd2017-12-05eLibrary Fundl0oBV 4501.3 .G738 2007pc21098r2018-05-15 00:00:00w2017-12-05yBK